Genes VIII / (Record no. 36892)
[ view plain ]
| 000 -LEADER | |
|---|---|
| fixed length control field | 01251nam a22004094a 4500 |
| 001 - CONTROL NUMBER | |
| control field | 36892 |
| 003 - CONTROL NUMBER IDENTIFIER | |
| rucl marc code | BD-RjUL |
| 005 - DATE AND TIME OF LATEST TRANSACTION | |
| control field | 20211209052544.0 |
| 008 - FIXED-LENGTH DATA ELEMENTS--GENERAL INFORMATION | |
| fixed length control field | 140922s2004 njua b 001 0 eng |
| 020 ## - INTERNATIONAL STANDARD BOOK NUMBER | |
| International Standard Book Number | 0131439812 (hardcover : student ed.) |
| International Standard Book Number | 0131451405 (Instructor's ed.) |
| International Standard Book Number | 0131449451 (Test item file) |
| International Standard Book Number | 013144946X (Transparency pkg.) |
| 035 ## - SYSTEM CONTROL NUMBER | |
| System control number | (DNLM)101184574 |
| 040 ## - CATALOGING SOURCE | |
| Original cataloging agency | DNLM/DLC |
| Transcribing agency | DLC |
| Modifying agency | DLC |
| -- | BD-RjUL |
| Language of cataloging | eng |
| 041 ## - LANGUAGE CODE | |
| Language code of text/sound track or separate title | eng |
| 060 10 - NATIONAL LIBRARY OF MEDICINE CALL NUMBER | |
| Classification number | QH 430 |
| Item number | L672g 2004 |
| 082 00 - DEWEY DECIMAL CLASSIFICATION NUMBER | |
| Classification number | 576.5 |
| Edition number | 22 |
| 100 1# - MAIN ENTRY--PERSONAL NAME | |
| Personal name | Lewin, Benjamin. |
| 9 (RLIN) | 112600 |
| 245 10 - TITLE STATEMENT | |
| Title | Genes VIII / |
| Statement of responsibility, etc. | Benjamin Lewin. |
| 246 3# - VARYING FORM OF TITLE | |
| Title proper/short title | Genes 8 |
| Title proper/short title | Genes eight |
| 260 ## - PUBLICATION, DISTRIBUTION, ETC. (IMPRINT) | |
| Place of publication, distribution, etc. | Upper Saddle River, NJ : |
| Name of publisher, distributor, etc. | Pearson Prentice Hall, |
| Date of publication, distribution, etc. | c2004. |
| 300 ## - PHYSICAL DESCRIPTION | |
| Pagination | xxi, 1027 p. : |
| Illustrations | col. ill. ; |
| Size | 28 cm. |
| 504 ## - BIBLIOGRAPHY, ETC. NOTE | |
| Bibliography, etc | Includes bibliographical references and index. |
| 650 #0 - SUBJECT ADDED ENTRY--TOPICAL TERM | |
| Topical term or geographic name as entry element | Genetics. |
| 9 (RLIN) | 112601 |
| Topical term or geographic name as entry element | Genes. |
| 9 (RLIN) | 112602 |
| Topical term or geographic name as entry element | Genes |
| General subdivision | physiology. |
| 9 (RLIN) | 112603 |
| Topical term or geographic name as entry element | Cell Physiology. |
| 9 (RLIN) | 112604 |
| Topical term or geographic name as entry element | DNA |
| General subdivision | genetics. |
| 9 (RLIN) | 112605 |
| Topical term or geographic name as entry element | Genetic Processes. |
| 9 (RLIN) | 112606 |
| Topical term or geographic name as entry element | Proteins |
| General subdivision | genetics. |
| 9 (RLIN) | 112607 |
| Topical term or geographic name as entry element | RNA |
| General subdivision | genetics. |
| 9 (RLIN) | 112608 |
| 942 ## - ADDED ENTRY ELEMENTS (KOHA) | |
| Source of classification or shelving scheme | Dewey Decimal Classification |
| Koha item type | Books |
| Lost status | Source of classification or shelving scheme | Damaged status | Not for loan | Permanent Location | Current Location | Shelving location | Date acquired | Source of acquisition | Cost, normal purchase price | Total Checkouts | Full call number | Date last seen | Copy number | Koha item type |
|---|---|---|---|---|---|---|---|---|---|---|---|---|---|---|
| Dewey Decimal Classification | Not For Loan | Institute of Biological Sciences (IBSc) Library | Institute of Biological Sciences (IBSc) Library | 22/09/2014 | Karim International | 2240.00 | 576.5 LEG 2004 | 22/09/2014 | C-1 | Books |